Statistics for Name the time zone for the following states (#1)

Click here to take the quiz!

General Stats

  • This quiz has been taken 15 times
    (4 since last reset)
  • The average score is 13 of 25

Answer Stats

StateTime Zone% Correct
PennsylvaniaEastern
100%
CaliforniaPacific
100%
AlaskaAlaska
50%
WisconsinCentral
50%
AlabamaCentral
50%
MinnesotaCentral
50%
IllinoisCentral
50%
NebraskaCentral, Mountain
50%
TexasCentral, Mountain
50%
OhioEastern
50%
New JerseyEastern
50%
VirginiaEastern
50%
North CarolinaEastern
50%
GeorgiaEastern
50%
MassachusettsEastern
50%
New YorkEastern
50%
FloridaEastern, Central
50%
KentuckyEastern, Central
50%
MichiganEastern, Central
50%
TennesseeEastern, Central
50%
ColoradoMountain
50%
ArizonaMountain
50%
WashingtonPacific
50%
OregonPacific, Mountain
50%
HawaiiHawaiian
0%

Score Distribution

Percentile by Number Answered

Percent of People with Each Score

Your Score History

You have not taken this quiz since the last reset